Myslíme v jazyku SQL tvorba dotazů

Salvato in:
Dettagli Bibliografici
Autore principale: Hernandez, Michael J.
Altri autori: Viescas, John L., Voráček, Karel
Natura: Libro
Lingua:ceco
Pubblicazione: Praha GRADA Publishing 2004
Serie:myslíme v ...
Soggetti:
Tags: Aggiungi Tag
Nessun Tag, puoi essere il primo ad aggiungerne!!

MARC

LEADER 00000nam$a2200000$$$4500
001 0034698
005 20240404134741.3
020 |a 80-247-0899-X 
041 0 |a cze 
044 |a CZ 
245 1 0 |a Myslíme v jazyku SQL  |b tvorba dotazů  |c Michael J. Hernandez, John L. Viescas ; přeložil: Karel Voráček 
264 1 |a Praha  |b GRADA Publishing  |c 2004 
300 |a 378 s.  |e 1 CD-ROM 
490 1 |a myslíme v ... 
830 0 |a myslíme v ... 
500 |a Na CD naleznete: Microsoft SQL Server 7.0 (120 denní zkušební verzi); Ukázkové příklady, kódy a databáze 
610 2 0 |a softvér 
610 2 0 |a komunikácia 
610 2 0 |a systémy databázové 
100 1 |a Hernandez, Michael J. 
700 1 |a Viescas, John L. 
700 1 |a Voráček, Karel